000
00195nam a2200085 4500
001
1257082
005
20260202094622.0
245
_a
AYASOFYADA BİR GECE
_c
RANA DEMİRİZ
260
_b
TİMAŞ YAYINLARI
999
_c
1257082
_d
1257082